Đánh giá tác động của biến đổi khí hậu lên hệ sinh thái ven biển khu bảo tồn thiên nhiên Thạnh Phú tỉnh Bến Tre : Luận văn Thạc sĩ chuyên ngành Quản lý Môi trường

Đề tài đánh giá tác động của biến đổi khí hậu lên hệ sinh thái rừng ngập mặn khu bảo tồn thiên nhiên Thạnh Phú, tỉnh Bến Tre và lên chất lượng cuộc sống của người dân địa phương, từ đó đưa ra một số biện pháp giảm thiểu và thích...

ver descrição completa

Na minha lista:
Detalhes bibliográficos
Autor principal: Nguyễn, Thị Phương Thảo
Formato: Livro
Idioma:Undetermined
Publicado em: Cần Thơ Trường Đại học Cần Thơ 2012
Assuntos:
Tags: Adicionar Tag
Sem tags, seja o primeiro a adicionar uma tag!
Thư viện lưu trữ: Trung tâm Học liệu Trường Đại học Cần Thơ
LEADER 01351nam a2200229Ia 4500
001 CTU_177588
008 210402s9999 xx 000 0 und d
082 |a 363.7397 
082 |b Th108 
088 |a 60850101 
100 |a Nguyễn, Thị Phương Thảo 
245 0 |a Đánh giá tác động của biến đổi khí hậu lên hệ sinh thái ven biển khu bảo tồn thiên nhiên Thạnh Phú tỉnh Bến Tre : 
245 0 |b Luận văn Thạc sĩ chuyên ngành Quản lý Môi trường 
245 0 |c Nguyễn Thị Phương Thảo ; Lê Anh Tuấn (Hướng dẫn khoa học) 
260 |a Cần Thơ 
260 |b Trường Đại học Cần Thơ 
260 |c 2012 
520 |a Đề tài đánh giá tác động của biến đổi khí hậu lên hệ sinh thái rừng ngập mặn khu bảo tồn thiên nhiên Thạnh Phú, tỉnh Bến Tre và lên chất lượng cuộc sống của người dân địa phương, từ đó đưa ra một số biện pháp giảm thiểu và thích nghi thích hợp. 
650 |a Pollution,Ô nhiễm 
650 |x Environmental aspects,Khía cạnh môi trường 
904 |i Hải 
980 |a Trung tâm Học liệu Trường Đại học Cần Thơ